Nurburgring najszybsze auta - Statystyki

Ogólne statystyki
  • Ten quiz został rozwiązany 35 razy
  • Średni wynik to 2 z 11
Statystyki odpowiedzi
Hint Odpowiedź % Poprawnych
6.29.09 Mercedes-AMG One
84%
6.47.30 Porsche 911 GT2 RS
26%
6.57.68 Ford Mustang GTD
23%
6.43.61 Mercedes-AMG GT Black Series
16%
6.44.84 Porsche 911 GT3 RS (992)
16%
6.57.00 Porsche 918 Spyder
16%
6.44.97 Lamborghini Aventador SVJ
13%
6.52.01 Lamborghini Huracan Performante
13%
6.55.30 Porsche 911 GT3 (992)
10%
6.56.40 Porsche 911 GT3 RS (991.2)
3%
6.43.30 Porsche 911 GT2 RS (Manthey-Raycing pack)
0%
Nie znaleziono quizów pasujących do podanych kryteriów
Rozkład punktacji
Procent ludzi z każdym wynikiem
Percentyl według liczby udzielonych odpowiedzi
Twoja historia wyników
Nie rozwiązałeś tego quizu